000 00625nam a2200181 4500
001 109043
003 ES-MaACL
005 20230906184750.0
007 t|
008 061121s1973 sp r ||||1| spa d
100 1 _aOliver, Frank J.
_986809
245 1 0 _aCircuitos prácticos con relés /
_cFrank J. Oliver ; traducido por J. José Díaz de Noriega ; revisado por Juan Furió Muñoz.
260 _aBarcelona :
_bMarcombo,
_c[1973]
300 _aXII, 383 p. :
_bil ;
_c21 cm.
700 1 _aDíaz de Noriega y Sellés, Juan José.
_944243
700 1 _aFurió Muñoz, Juan.
_953041
852 _aES-MaACL
_jC-54014
_bR.86681
999 _c109043
_d109043